MARC

LEADER 00000nam0a2200000 4500
001 365883
005 20231102011828.0
035 |a (RuTPU)RU\TPU\retro\23246 
090 |a 365883 
100 |a 20220125d1979 km y0rusy50 ca 
101 0 |a rus 
102 |a RU 
105 |a a z 001zy 
200 1 |a Геологические особенности распределения природных газов на угольных месторождениях Дальнего Востока  |f А. И. Обжиров  |g Академия наук СССР, Дальневосточный научный центр, Тихоокеанский океанологический институт им. В. И. Ильичева 
210 |a Москва  |c Наука  |d 1979 
215 |a 72 с.  |c ил. 
320 |a Библиогр.: с. 71 
606 1 |a Угольные пласты  |x Газоносность  |2 stltpush  |3 (RuTPU)RU\TPU\subj\62728 
610 1 |a Дальний Восток 
610 1 |a угленосные отложения 
610 1 |a угольные месторождения 
610 1 |a геологическая характеристика 
610 1 |a мезозойско-кайнозойские отложения 
610 1 |a литолого-геохимическая характеристика 
610 1 |a природные газы 
610 1 |a распределение 
610 1 |a геологические факторы 
675 |a 553.94:553.981  |v 4 
700 1 |a Обжиров  |b А. И.  |g Анатолий Иванович 
712 0 2 |a Академия наук СССР  |b Дальневосточный научный центр  |b Тихоокеанский океанологический институт им. В. И. Ильичева  |c (Владивосток)  |2 stltpush  |3 (RuTPU)RU\TPU\col\11564  |9 25186 
801 1 |a RU  |b 63413507  |c 20220125 
942 |c BK